Statistiques concernant Ville des Pyrénées-Atlantiques

Cliquez ici pour prendre le quiz!

Statistiques générales

  • Ce quiz a été pris 173 fois
  • Le résultat moyen est 8 sur 15

Statistiques - réponses

HintRéponse% Correct
52 006Bayonne
99%
25 885Biarritz
98%
75 665Pau
98%
40 310Anglet
83%
14 282Saint-Jean-de-Luz
76%
17 621Hendaye
72%
10 653Oloron-Sainte-Marie
63%
10 466Orthez
59%
9 590Lescar
44%
13 843Lons
40%
13 229Billère
31%
10 495Urrugne
29%
8 764Boucau
19%
7 538Hasparren
14%
7 399Ustaritz
13%

Distribution des résultats

Percentile par nombre de réponses

% des personnes avec chaque résultat

Votre développement - résultats

Vous n’avez pas pris ce quiz